| 000 | 00433nam a22001577a 4500 | ||
|---|---|---|---|
| 003 | MPLRDC | ||
| 005 | 20220104142818.0 | ||
| 008 | 210129b ||||| |||| 00| 0 eng d | ||
| 082 | _a571.6 XHT 1987 | ||
| 100 | _a雪兰莪中华大会堂民权委员会编委会 | ||
| 245 |
_a认识民主权 _c |
||
| 260 |
_a _b雪兰莪中华大会堂 _c1987 |
||
| 300 | _b平 | ||
| 650 | _a民主政治; 共和政治 | ||
| 942 |
_cBK _o571.6 XHT 1987 |
||
| 999 |
_c33912 _d33902 |
||